|
|
|
|
| LEADER |
01143nam a2200241 i 4500 |
| 003 |
GR-PaULI |
| 005 |
20231016141921.0 |
| 008 |
231016m19711974it ||||g |||| 001 0 ita d |
| 040 |
|
|
|a GR-PaULI
|b gre
|c GR-PaULI
|e AACR2
|
| 082 |
0 |
4 |
|2 23
|a 881.01
|
| 100 |
1 |
|
|9 200346
|a Durante, Marcello
|e συγγραφέας.
|
| 245 |
1 |
0 |
|a Sulla preistoria della tradizione poetica greca /
|c Marcello Durante.
|
| 260 |
|
|
|a Roma :
|b Edizioni dell'Ateneo,
|c 1971-1974.
|
| 300 |
|
|
|a 2 τ. ;
|c 27 εκ.
|
| 490 |
1 |
|
|a Incunabula Graeca ;
|v 50
|
| 500 |
|
|
|a Περιλαμβάνει ευρετήριο.
|
| 505 |
0 |
|
|a τ. 1. Continuità della tradizione poetica dall'età micenea ai primi documenti -- τ. 2. Risultanze della comparazione indoeuropea.
|
| 650 |
|
4 |
|9 47657
|a Ελληνική ποίηση, Αρχαία
|x Ιστορία και κριτική.
|
| 830 |
|
0 |
|9 200173
|a Incunabula graeca
|v 50.
|
| 942 |
|
|
|2 ddc
|c BK
|
| 952 |
|
|
|0 0
|1 0
|2 ddc
|3 τ. 1
|4 0
|6 881_010000000000000_DUR
|7 0
|9 374708
|a LISP
|b LISP
|c BSC
|d 2023-10-16
|e ΛΑΖ
|i 261429
|l 0
|o 881.01 DUR
|p 025000303239
|r 2023-10-16 00:00:00
|t 1
|w 2023-10-16
|y BK15
|
| 998 |
|
|
|c ΛΟΤΣΑΡΗ
|d 2023-10
|
| 999 |
|
|
|c 218493
|d 218493
|